Improvement in the purification of roof water harvesting system (Record no. 15098)
[ view plain ]
| 000 -LEADER | |
|---|---|
| fixed length control field | 01060nam a22001817a 4500 |
| 003 - CONTROL NUMBER IDENTIFIER | |
| control field | OSt |
| 088 ## - REPORT NUMBER | |
| Report number | P 300 |
| 100 ## - MAIN ENTRY--AUTHOR NAME | |
| Personal name | BLESSY V. A |
| -- | MUNNA P. V |
| 245 ## - TITLE STATEMENT | |
| Title | Improvement in the purification of roof water harvesting system |
| 260 ## - PUBLICATION, DISTRIBUTION, ETC. (IMPRINT) | |
| Place of publication | Tavanur 2015 |
| Name of publisher | Department of Land and Water Resources & Conservation Engineering |
| 300 ## - PHYSICAL DESCRIPTION | |
| Number of Pages | 45 |
| 500 ## - GENERAL NOTE | |
| General note | Improvement in the purification of roof water harvesting system |
| 520 ## - SUMMARY, ETC. | |
| Summary, etc | As roof water carries impurities, purification of this water is a must to make it acceptable for domestic use. the efficiency of the 60 micron filter is high with a value of 86.2%.first flush system is found to be effective in removing the higher concentration of impurities from the initially generated roof water. first flush system along with 60u filter is found to be more effective in purifying the roof water, compared to 100u mesh filter. |
| 700 ## - ADDED ENTRY--PERSONAL NAME | |
| Personal name | Dr. Sathian K. K (Guide) |
| 856 ## - ELECTRONIC LOCATION AND ACCESS | |
| Uniform Resource Identifier | https://drive.google.com/open?id=1cYE5RehRubbVWBKBtuRJaG0bKPpFmZtv |
| 942 ## - ADDED ENTRY ELEMENTS (KOHA) | |
| Koha item type | Project Report |
| Collection code | Home library | Current library | Shelving location | Full call number | Accession Number | Koha item type |
|---|---|---|---|---|---|---|
| Reference | KAUAET | KAUAET | Reference | 631.75807 BLE/IM | P 300 | Project Report |
